Personalidades históricas y famosos - Q - Estadísticas

Estadísticas generales
  • Esta prueba ha sido intentada 59 veces
  • La puntuación promedio es 5 de 16
Estadísticas de respuestas
Descripción Respuesta % Correcto
Escritor del Siglo de Oro español, famoso por su enemistad con Luis de Góngora y por sus obras "Historia de la vida del Buscón", "Los Sueños" y "Vida de Marco Bruto". Francisco de Quevedo
92%
Monstruo de la mitología griega que tiene el cuerpo de una cabra, la cola de una serpiente y la cabeza de un león. Quimera
58%
Futbolista portugués que ha jugado en importantes clubes cómo el Sporting de Lisboa, el FC Barcelona, el Oporto, el Inter de Milán y el Besitkas. Ricardo Quaresma
46%
Ciclista colombiano que ganó un Giro de Italia en 2014 y una Vuelta a España en 2016. Nairo Quintana
44%
Delantero de fútbol asturiano del Real Sporting de Gijón y el FC Barcelona que el año 1981 fue secuestrado. Quini
44%
Primer emperador chino. Qin Shi Huang
35%
Principal divinidad del panteón mexica y uno de los dioses más importantes de la cultura mesoamericana. Quetzalcóatl
35%
Según la mitología griega, fue un centauro muy sabio que vivía en una cueva del monte Pelión y educó a varios de los héroes griegos más destacados. Quirón
35%
Importante actor de origen mexicano que ganó dos Premios Óscar en la década de los cincuenta. Anthony Quinn
19%
Retórico hispanorromano del siglo I y uno de los principales pedagogos del Imperio Romano. Quintiliano
17%
Músico de rock español, famoso por sus obras "Aunque tú no lo sepas" y "Pájaros mojados". Quique González
17%
Rapero estadounidense, antiguo líder del grupo de hip hop "A Tribe Called Quest". Q-Tip
13%
Seudónimo creado en 1929 por los escritores estadounidenses Frederick Dannay y Manfred Bennington Lee. También es un personaje ficticio en sus destacadas novelas policíacas. Ellery Queen
8%
Primer sultán de Delhi y fundador de la "dinastía de los esclavos". Qutb-ud-din Aibak
8%
Fue un sultán mameluco de Egipto durante el siglo XIII que llegó a derrotar a los mongoles en batalla. Qutuz
8%
Fue una esclava del visir andalusí Almanzor que dominaba el arte de la poesía y el canto. Uns-al-Qulub
8%
No se encontraron pruebas coincidentes
Distribución de puntuación
Porcentaje de gente con cada puntuación
Porcentaje por número respondido
Historial de tus puntuaciones
No has intentado esta prueba.